000 01172nas a2200337 4500
001 BR2015006050
003 BR-BrBNA
005 20231205125835.0
007 ta
008 230509b bl.|||p| |||| 00| 00por d
040 _aBR-BrBNA
_bpor
_cBiblioteca Nacional de Agricultura
041 _a(Pt)
072 _aF60
100 1 _aCruz, S.C.S.
100 1 _aBicudo, S.J.
100 1 _aMachado, C.G.
100 1 _aPereira, F.R. da S.
100 1 _aBrachtvogel, E.L.
245 1 _aBromatologia e nutrição do milho submetido à doses de potássio em sistema de integração lavoura-pecuária
246 1 _aThe bromatology and nutrition of maize treated with potassium dosages in a system integrating agriculture and cattle raising
650 _aMILHO
650 _aNUTRICAO VEGETAL
650 _aBROMATOLOGIA
650 _aTECNOLOGIA DE ALIMENTO
650 _aADUBACAO
650 _aPROTEINA
773 0 _tRevista Agrotecnologia (Brazil)
_xISSN 2179-5959
_g(2013), v. 4(1) p. 1-16
_wBR2015006050
856 4 0 _uhttp://www.revista.ueg.br/index.php/agrotecnologia/article/view/1434/pdf
909 _a202311
_bLúcia
_c55
_dLúcia Elande
942 _2AGRIS
_n0
_cANA
999 _c246457
_d246457